| 000 | 00779nam a2200217 a 4500 | ||
|---|---|---|---|
| 001 | 001154154 | ||
| 003 | AM-YeHGA | ||
| 005 | 20250617152349.0 | ||
| 008 | 160603s1976 ||| r 000 0 rus d | ||
| 040 | _aAM-YeHGA | ||
| 041 | 0 | _arus | |
| 245 | 0 | 0 |
_aЕжегодник : _b1974 : (отчет о работе Ин-та геохимии за 1975 г.) / _cАН СССР. СО. Ин-т геохимии; Отв. ред. Л.В. Таусон. |
| 246 | 1 | 8 | _aСибирский институт геохимии |
| 260 |
_aНовосибирск : _bНаука , _c1976. |
||
| 300 | _a340 с. | ||
| 653 | 0 | _aГеология | |
| 653 | 0 | _aГеохимия | |
| 700 | 1 |
_aТаусон, Л.В. _4edt |
|
| 710 | 2 | _aИнститут геохимии АН СССР | |
| 090 | _c371212 | ||
| 999 |
_c369340 _d369340 |
||